000 00543nam a2200181Ia 4500
008 100917s9999 xx 000 0 und d
082 _b45894
100 _aरहाळकर कृ. के.
245 _aबिंबानगरी
260 _bअरगडे कुलकर्णी प्रकाशन
_c1978
300 _a23
365 _b0.75
520 _aबालविभाग
630 _aबिंबानगरी
650 _aबालविभाग
730 _aबिंबानगरी
942 _cBOOK
999 _c651288
_d651285